000 01235cam a2200325 a 4500
001 1179796
005 20260507125732.0
008 970307s1997 mdu bd 000 0 eng
010 _a 97011325
020 _a0810833271
_qcloth : alk. paper
020 _a9780810833272
_q(cloth : alk. paper)
035 _a1179796
040 _aDLC
_cDLC
_dDLC
050 0 0 _aBL1105
_b.S85 1997
082 0 0 _a294.503
_221
100 1 _aSullivan, Bruce M.,
_d1951-
245 1 0 _aHistorical dictionary of Hinduism
_cBruce M. Sullivan.
260 _aLanham, Md. :
_bScarecrow Press,
_c1997.
300 _axvii, 345 p. ;
_c23 cm.
336 _atext
_btxt
_2rdacontent
337 _aunmediated
_bn
_2rdamedia
338 _avolume
_bnc
_2rdacarrier
440 0 _aHistorical dictionaries of religions, philosophies, and movements ;
_vno. 13
504 _aIncludes bibliographical references (p. 265-344).
650 0 _aHinduism
_xDictionaries.
906 _a7
_bcbc
_corignew
_d1
_eocip
_f19
_gy-gencatlg
942 _2ddc
_cBK
_n0
999 _c23709
_d23709